Flyover Countries - Statistics

General Stats
  • This quiz has been taken 50,857 times
  • The average score is 15 of 20
Answer Stats
Clue Country % Correct
Naples, Lisbon Spain
98%
Dublin, Oslo United Kingdom
98%
Canberra, Singapore Indonesia
93%
London, Berlin Netherlands
92%
Brasilia, Lima Bolivia
90%
Moscow, Helsinki Estonia
86%
Bangkok, Hanoi Laos
86%
Kabul, New Delhi Pakistan
83%
Wellington, Buenos Aires Chile
80%
Cairo, Amman Israel
78%
Budapest, Warsaw Slovakia
78%
Caracas, Quito Colombia
76%
Algiers, Tirana Italy
72%
Astana, Ulaanbaatar Russia
68%
Cape Town, Harare Botswana
64%
Khartoum, Doha Saudi Arabia
61%
Lagos, Benghazi Niger
56%
Chennai, Shanghai Myanmar
48%
Los Angeles, Beijing Russia
48%
New York, Bordeaux Canada
44%
No matching quizzes found
Score Distribution
Percent of People with Each Score
Percentile by Number Answered
Your Score History
You have not taken this quiz